[Event "LSS No Engine Cup 161 Preliminary 0"]
[Site "LSS email"]
[Date "2016.10.31"]
[Round "?"]
[White "Vio, Mauro"]
[Black "Van Esbroeck, Jeff"]
[Result "1-0"]
[WhiteElo "1816"]
[BlackElo "1105"]
[PlyCount "51"]
[EventDate "2016.10.31"]
[EventType "tourn (corr)"]
[EventRounds "6"]
[EventCountry "GER"]
[SourceTitle "Corr 2022"]
[Source "ChessBase"]
[SourceDate "2021.10.24"]
[SourceVersion "1"]
[SourceVersionDate "2021.10.24"]
[SourceQuality "1"]

1. e4 e5 2. Nf3 Nc6 3. d4 d6 4. dxe5 Bg4 5. exd6 Bxd6 6. Bb5 Nge7 7. 0-0 0-0 8. Bxc6 bxc6 9. h3 Bh5 10. Qd3 Bg6 11. Qc4 Qb8 12. a4 Re8 13. e5 Qb4 14. Qxb4 Bxb4 15. c3 Bc5 16. b4 Bxf2+ 17. Rxf2 Nd5 18. Bd2 f6 19. c4 Nb6 20. exf6 gxf6 21. c5 Nc4 22. Nc3 Nxd2 23. Rxd2 Rad8 24. Nd4 Re3 25. Rc1 Be4 26. Kf2 1-0